=LDR 00000nam 2200000 4500 =001 NUTBA000000000003943 =005 20140829105432.0 =006 =007 =008 =020 ##$$a 978-979-1474-86-3 =035 ##$$a 0010-081400000000788 =040 ##$$a NBPDMAT =082 ##$$a 540.76 =084 ##$$a 540.76 Par e =100 ##$$a Parming =245 ##$$a Easy Learning kimia sma KELAS 1/2/3 / $c Parming,Tofan,Horale Simanullang; Editor, Haris =260 ##$$a Jakarta : $b Media Pusundo , $c 2014 =300 ##$$a viii, 204 hlm. : $b ilus. ; $c 23 cm. =500 ##$$a Bibliografi : hlm. 204 =650 ##$$a Kimia-SMA-soal,dsb =700 ##$$a Horale Simanullang =990 ##$$a 21409537 =990 ##$$a 0001/BPAP-NTB/20142014 =990 ##$$a 0001/BPAP-NTB/20142014 =990 ##$$a 0001/BPAP-NTB/20142014 =990 ##$$a 0001/BPAP-NTB/20142014 =990 ##$$a 0001/BPAP-NTB/20142014